Anagrams of English Football Teams - Statistics

General Stats
  • This quiz has been taken 567 times
  • The average score is 11 of 16
Answer Stats
Hint Team % Correct
WSANSAE YCIT Swansea City
97%
ACRSEMTNEH TNIDUE Manchester United
86%
TNLOU WNOT Luton Town
85%
GNIWA TLTECIAH Wigan Athletic
81%
VTOLWHPNOAERM DSRAWEREN Wolverhampton Wanderers
71%
SNOPETR HORNT DEN Preston North End
67%
WCEER DXNAELARA Crewe Alexandra
66%
OMNLIT EENKSY ODSN Milton Keynes Dons
65%
VYCNROET YTCI Coventry City
64%
RONBTU BNAOLI Burton Albion
61%
MOLDAH CELAITTH Oldham Athletic
60%
LURBKANBC VSRROE Blackburn Rovers
57%
MOTEATHNT UHTROPS Tottenham Hotspur
57%
ONOUPASMHTT Southampton
51%
BOCREMEAM Morecambe
47%
CGNORCTANI LSTYAEN Accrington Stanley
41%
No matching quizzes found
Score Distribution
Percent of People with Each Score
Percentile by Number Answered
Your Score History
You have not taken this quiz